• 首页
  • 本馆介绍
  • 公告通知
  • 最新文献
  • 馆藏检索
  • 电子资源
  • 读者导购
  • 参考咨询
  • 我的图书馆
  • 登录
  • 详细信息显示
  • 放入我的书架
  • 预约/预借图书
  • 作者相关作品
  • 分类相关作品
  • 丛书相关作品
  • 出版社相关作品

书目信息

  • 表格格式
  • 工作单格式
  • 卡片格式
题名:
环境科学知识问题
    
 
作者: 林绍韩 , 张祥初 , 黄时达 著
分册:  
出版信息: 成都   四川科学技术出版社  1985
页数: 261页
开本: 19cm
丛书名: 环保技术丛书
单 册:
中图分类: X-49
科图分类:
主题词: 环境科学 , 劳动?
电子资源:
ISBN:
000 00803nam2 2200301 45
001 0185019002
005 20040513153940.6
010    @dCNY2.20
091    @a15298.128
100    @a19901021d1985 em y0chiy0121 ea
101 0  @achi
102    @aCN@b510000
105    @ak z 000yy
106    @ar
200 10 @a环境科学知识问题@Ahuan jing ke xue zhi shi wen ti@f林绍韩等著
210    @a成都@c四川科学技术出版社@d1985
215    @a261页@c表@d19cm
225 2  @a环保技术丛书
410  0 @120010@a环保技术丛书
606 0  @a环境科学
606 0  @a劳动?
690    @aX-49
701  0 @a林绍韩@Alin shao han@4著
701  0 @a张祥初@Azhang xiang chu@4著
701  0 @a黄时达@Ahuang shi da@4著
801  0 @aCN@b深圳图书馆@c20040513
801  2 @aCN@bNLC@c20040513
905    @f1@b140973@dX-49@e11
    
    环境科学知识问题/林绍韩等著.-成都:四川科学技术出版社,1985
    261页:表;19cm.-(环保技术丛书)
    
    
    ISBN :CNY2.20
    
●
相关链接 在E读中查询图书 在五车中查询图书 在当当中查询图书 在豆瓣中查询图书


正题名:环境科学知识问题     索取号:X-49/11         预约/预借

序号 登录号 条形码 馆藏地/架位号 状态 备注
1 0140973   001486430   第三借阅区/ [索取号:X-49/11] 在馆    
2 0140974   001486449   第二样本阅览室/ [索取号:X-49/11] 在馆    
唐山师范学院图书馆 欢迎您!
大连网信软件有限公司© 版权所有